[Event "2022 Standard Chess Dropout Tournament, Round 1"]
[Site "SchemingMind.com"]
[Date "2021.12.30"]
[Round "1"]
[White "2curious"]
[Black "Andreas Flato"]
[Result "0-1"]
[WhiteCountry "USA"]
[BlackCountry "GER"]
[WhiteElo "1905"]
[WhiteRD "146"]
[BlackElo "1979"]
[BlackRD "108"]
[GameID "718780"]

1. c4 e5 2. Nc3 f5 3. d4 e4 4. Nh3 Nf6 5. e3 d6 6. Be2 Be7 7. b4 O-O 8. O-O Nbd7 9. f3 b6 10. fxe4 Nxe4
11. Bd2 Nxd2 12. Qxd2 Nf6 13. Bf3 Rb8 14. b5 Bb7 15. Bxb7 Rxb7 16. Rxf5 Qd7 17. e4 Re8 18. Raf1 c6 19. Qf4 Rbb8 20. bxc6 Qxc6
21. e5 dxe5 22. dxe5 Bc5+ 23. Kh1 Nd7 24. Nd5 Re6 25. Ng5 Rg6 26. Ne7+ Bxe7 27. Rd1 h6 28. Ne4 Rf8
0-1

[Event "2022 Standard Chess Dropout Tournament, Round 1"]
[Site "SchemingMind.com"]
[Date "2022.01.01"]
[Round "1"]
[White "Abstract Actuary"]
[Black "splinter"]
[Result "1/2-1/2"]
[WhiteCountry "USA"]
[BlackCountry "CAN"]
[WhiteElo "1848"]
[WhiteRD "82"]
[BlackElo "1853"]
[BlackRD "82"]
[GameID "718782"]

1. e4 c5 2. d4 cxd4 3. c3 dxc3 4. Nxc3 Nc6 5. Nf3 d6 6. Bc4 Nf6 7. O-O e6 8. Qe2 Be7 9. Rd1 e5 10. Bg5 O-O
11. Rac1 Be6 12. Bb5 Nd7 13. Bxe7 Qxe7 14. Nd5 Bxd5 15. Rxd5 Nf6 16. Rd2 Rac8 17. Rdc2 Qd7 18. Rd1 Qe7 19. Rdc1 Qd7 20. Rd1=
1/2-1/2

[Event "2022 Standard Chess Dropout Tournament, Round 1"]
[Site "SchemingMind.com"]
[Date "2022.01.01"]
[Round "1"]
[White "Andrew Burruss"]
[Black "Chashird"]
[Result "1-0"]
[WhiteCountry "USA"]
[BlackCountry "ENG"]
[WhiteElo "1469"]
[WhiteRD "121"]
[BlackElo "1362"]
[BlackRD "109"]
[GameID "718783"]

1. Nc3 Nf6 2. e4 e5 3. Nf3 h6 4. Nxe5 Nxe4 5. Nxe4 Qe7 6. d4 d5 7. Nc3 Nc6 8. Bb5 Bd7 9. O-O Nxe5 10. Nxd5 Qd8
11. Qe2 Bd6 12. dxe5 O-O 13. exd6 Re8 14. Ne7+ Rxe7 15. dxe7
1-0

[Event "2022 Standard Chess Dropout Tournament, Round 1"]
[Site "SchemingMind.com"]
[Date "2021.12.28"]
[Round "1"]
[White "Greg Magne"]
[Black "Joe P"]
[Result "1/2-1/2"]
[WhiteCountry "CAN"]
[BlackCountry "AUS"]
[WhiteElo "1821"]
[WhiteRD "82"]
[BlackElo "1880"]
[BlackRD "84"]
[GameID "718784"]

1. e4 e5 2. Nf3 Nf6 3. Nxe5 Nc6 4. Nxc6 dxc6 5. d3 Bc5 6. Be2 h5 7. c3 Bxf2+ 8. Kxf2 Ng4+ 9. Kg1 Qh4 10. Qf1 O-O
11. Bf4 f5 12. h3 Nh6 13. g3 Qe7 14. Bxh6 fxe4 15. Qxf8+ Qxf8 16. Be3 exd3 17. Bxd3 Qf3 18. Bc4+ Kh7 19. Bf2 Qd1+ 20. Kg2 Qc2
21. Na3 Qxb2 22. Bd3+ g6 23. Nc2 Qxc3 24. Rad1 Be6 25. Bd4 Qa5 26. Rhe1 Qxa2 27. Rd2 Qd5+ 28. Kh2 c5 29. Bf6 Kh6 30. Ree2 Qb3
31. Re3 Qb6 32. Rde2 Bd5 33. Re5 Qxf6 34. Rxd5 Qf3 35. Rd7 h4 36. gxh4 Qf4+ 37. Kh1 Rf8 38. Rg2 Qf3 39. Kg1 Rf6 40. Bc4 Rd6
41. Rf7 Qxh3 42. Rxc7 Rd2 43. Rxd2 Qg3+ 44. Rg2 Qxc7 45. Bd3 Qd7 46. Bxg6 Qd1+ 47. Kh2 Qd6+ 48. Kg1 Qxg6=
1/2-1/2

[Event "2022 Standard Chess Dropout Tournament, Round 1"]
[Site "SchemingMind.com"]
[Date "2021.12.28"]
[Round "1"]
[White "Andreas Flato"]
[Black "Greg Magne"]
[Result "1-0"]
[WhiteCountry "GER"]
[BlackCountry "CAN"]
[WhiteElo "1931"]
[WhiteRD "111"]
[BlackElo "1819"]
[BlackRD "77"]
[GameID "718785"]

1. e4 e5 2. Nf3 Nc6 3. Bc4 Nf6 4. d3 Bb4+ 5. c3 Ba5 6. b4 Bb6 7. a4 a5 8. b5 Ne7 9. Nxe5 O-O 10. Qb3 d5
11. exd5 Nexd5 12. O-O Be6 13. Bg5 Qd6 14. Nf3 h6 15. Bh4 Rfe8 16. Nbd2 Nf4 17. Bxf6 gxf6 18. Ne4 Kg7 19. Nxd6
1-0

[Event "2022 Standard Chess Dropout Tournament, Round 1"]
[Site "SchemingMind.com"]
[Date "2021.12.31"]
[Round "1"]
[White "agoodhobby"]
[Black "Arnold Jones"]
[Result "1-0"]
[WhiteCountry "USA"]
[BlackCountry "ENG"]
[WhiteElo "1510"]
[WhiteRD "63"]
[BlackElo "1478"]
[BlackRD "66"]
[GameID "718786"]

1. d4 Nf6 2. c4 e6 3. Nc3 Bb4 4. e3 Nc6 5. Bd3 O-O 6. Nf3 Bxc3+ 7. bxc3 d6 8. O-O Bd7 9. Rb1 b6 10. h3 Ne7
11. a4 a5 12. Ba3 c5 13. e4 Qc7 14. d5 e5 15. Bc1 h6 16. Nh4 Qc8 17. Qf3 Kh7 18. Rxb6 Qc7 19. Rb2 Rab8 20. Nf5 Nxf5
21. exf5 Bxa4 22. g4 Rxb2 23. Bxb2 Rb8 24. Bc1 Rb1 25. Bxb1 Bb3 26. Bd3 a4 27. g5 hxg5 28. Bxg5 e4 29. Bxe4 Nxe4 30. Qxe4 Kg8
31. f6 g6 32. Qe8+ Kh7 33. Qf8
1-0

[Event "2022 Standard Chess Dropout Tournament, Round 1"]
[Site "SchemingMind.com"]
[Date "2022.01.01"]
[Round "1"]
[White "Andoni Zabala"]
[Black "ulfire"]
[Result "1-0"]
[WhiteCountry "INT"]
[BlackCountry "USA"]
[WhiteElo "1868"]
[WhiteRD "87"]
[BlackElo "1941"]
[BlackRD "82"]
[GameID "718787"]

1. e4 e5 2. Nf3 Nc6 3. Bb5 a6 4. Ba4 Nf6 5. O-O b5 6. Bb3 Bc5 7. c3 d6 8. d4 Bb6 9. a4 Rb8 10. a5 Ba7
11. h3 O-O 12. Be3 Ra8 13. Qe2 h6 14. Rd1
1-0

[Event "2022 Standard Chess Dropout Tournament, Round 1"]
[Site "SchemingMind.com"]
[Date "2021.12.31"]
[Round "1"]
[White "Arnold Jones"]
[Black "PION4290"]
[Result "0-1"]
[WhiteCountry "ENG"]
[BlackCountry "CAN"]
[WhiteElo "1493"]
[WhiteRD "64"]
[BlackElo "1741"]
[BlackRD "87"]
[GameID "718788"]

1. d4 Nf6 2. Nf3 c6 3. c4 d5 4. Nc3 Bf5 5. Qb3 b6 6. Bf4 e6 7. e3 Nbd7 8. Qa4 Qc8 9. b4 Be7 10. Be2 O-O
11. O-O a5 12. c5 axb4 13. Qxb4 bxc5 14. Qb2 c4 15. a4 Ne4 16. Nxe4 Bxe4 17. Ne5 Nxe5 18. Bxe5 f6 19. Bg3 Qd7 20. Qd2 c5
21. a5 cxd4 22. exd4 Qb5 23. f4 Bb4 24. Rfb1 Bxb1 25. Rxb1 Rfb8 26. Rxb4 Qxb4 27. Qxb4 Rxb4 28. Be1 Rb1 29. Kf2 Kf7 30. g3 h6
31. h3 g5 32. Bh5+ Kg7 33. Bg4 f5 34. Bf3 Rb2+ 35. Kg1 Rb1 36. Kf2 Rab8 37. Be2 R8b2 38. Bc3 Rc2 39. Be1 c3 40. Kf1 Rxe1+
41. Kxe1 Rc1+ 42. Kf2 c2 43. Bd3 Rf1+ 44. Bxf1 c1=Q 45. a6 Qd2+ 46. Kg1 Qxd4+
0-1

[Event "2022 Standard Chess Dropout Tournament, Round 1"]
[Site "SchemingMind.com"]
[Date "2021.12.28"]
[Round "1"]
[White "Ricardo Martinez Puigros"]
[Black "MichaelChess"]
[Result "1/2-1/2"]
[WhiteCountry "ESP"]
[BlackCountry "CUB"]
[WhiteElo "2454"]
[WhiteRD "82"]
[BlackElo "2484"]
[BlackRD "88"]
[GameID "718790"]

1. d4 Nf6 2. c4 e6 3. Nc3 d5 4. Bg5 Be7 5. e3 O-O 6. Nf3 h6 7. Bh4 b6 8. Be2 Bb7 9. Bxf6 Bxf6 10. cxd5 exd5
11. O-O c6 12. Qc2 Re8 13. Rfe1 Nd7 14. Rad1 Qe7 15. Bf1 c5 16. Qf5 Qe6 17. Qf4 Nf8 18. Nb5 Bd8 19. Qe5 Qd7 20. Qd6 Re6
21. Qxd7 Nxd7 22. g3 a6 23. Nc3 Nf6 24. Rb1 Bc7 25. b3 g5 26. Rec1 Rc8 27. Bd3 Re7 28. h3 Kg7 29. Bf5 Rd8 30. g4 Ne8
31. Ne2 c4 32. a4 b5 33. axb5 axb5 34. h4 f6 35. Kg2 Rb8 36. Rh1 Nd6 37. hxg5 fxg5 38. Ng3 Ne4 39. Nxe4 dxe4 40. Ng1 cxb3
41. Rxb3 Bd5 42. Rb2 Bd6 43. Ne2 b4 44. Ra1 Ra8 45. Rxa8 Bxa8=
1/2-1/2

[Event "2022 Standard Chess Dropout Tournament, Round 1"]
[Site "SchemingMind.com"]
[Date "2022.01.01"]
[Round "1"]
[White "Austin Lockwood"]
[Black "Abstract Actuary"]
[Result "0-1"]
[WhiteCountry "ENG"]
[BlackCountry "USA"]
[WhiteElo "1733"]
[WhiteRD "135"]
[BlackElo "1848"]
[BlackRD "82"]
[GameID "718791"]

1. e4 e6 2. d4 d5 3. Nc3 Bb4 4. e5 c5 5. a3 cxd4 6. axb4 dxc3 7. Nf3 Qc7 8. bxc3 Qxc3+ 9. Bd2 Qc7 10. Bd3 Ne7
11. O-O Nbc6 12. Re1 O-O 13. Bxh7+ Kxh7 14. Ng5+ Kg6 15. h4 Rh8 16. f4 Rxh4 17. g3 Rh5 18. Nxf7 Bd7 19. c3 Rah8 20. Nxh8+ Rxh8
21. Qg4+ Kf7 22. Be3 b6 23. Red1 Nf5 24. Bf2 Nce7
0-1

[Event "2022 Standard Chess Dropout Tournament, Round 1"]
[Site "SchemingMind.com"]
[Date "2021.12.29"]
[Round "1"]
[White "Edward Bishop"]
[Black "Giraldo Menendez Rodriguez"]
[Result "0-1"]
[WhiteCountry "ENG"]
[BlackCountry "CUB"]
[WhiteElo "1525"]
[WhiteRD "110"]
[BlackElo "2576"]
[BlackRD "73"]
[GameID "718792"]

1. e4 c5 2. Nf3 d6 3. Bc4 Nf6 4. Nc3 a6 5. O-O e6 6. d4 cxd4 7. Nxd4 b5 8. Bd3 Bb7 9. Re1 Be7 10. h3 Nc6
11. Be3 Ne5 12. Bf4 Nxd3 13. cxd3 e5 14. Nd5 Nxd5 15. Bxe5 dxe5 16. Nf5 Nf4 17. Nxe7 Qxe7 18. f3 Qg5 19. g4 h5
0-1

[Event "2022 Standard Chess Dropout Tournament, Round 1"]
[Site "SchemingMind.com"]
[Date "2022.01.01"]
[Round "1"]
[White "Billy Campbell"]
[Black "carra1971"]
[Result "0-1"]
[WhiteCountry "NIR"]
[BlackCountry "CUB"]
[WhiteElo "1396"]
[WhiteRD "94"]
[BlackElo "2248"]
[BlackRD "95"]
[GameID "718793"]

1. e4 c5 2. g3 Nc6 3. Bg2 g6 4. Ne2 Bg7 5. O-O Nf6 6. c4 d6 7. Nbc3 h5 8. d3 h4 9. gxh4 Rxh4 10. f3 Bh3
11. Rf2 Qd7 12. Nf4 Bxg2 13. Rxg2 O-O-O 14. Qa4 Rdh8
0-1

[Event "2022 Standard Chess Dropout Tournament, Round 1"]
[Site "SchemingMind.com"]
[Date "2021.12.29"]
[Round "1"]
[White "Mike Winslow"]
[Black "thefriediceman"]
[Result "1/2-1/2"]
[WhiteCountry "USA"]
[BlackCountry "USA"]
[WhiteElo "1954"]
[WhiteRD "87"]
[BlackElo "1961"]
[BlackRD "138"]
[GameID "718794"]

1. d4 c6 2. c4 d5 3. Nf3 Nf6 4. Nc3 e6 5. e3 Nbd7 6. Bd3 Bd6 7. e4 dxe4 8. Nxe4 Nxe4 9. Bxe4 h6 10. O-O Nf6
11. Bd3 Qc7 12. h3 b6 13. Re1 Bb7 14. b3 O-O 15. Bb2 Rfe8 16. Rc1 Qd8 17. Qc2 Rc8 18. Ne5 Qe7 19. Re3 Nd7 20. f4 c5
21. d5 Bxe5 22. Bxe5 Nxe5 23. Rxe5 Qd7 24. dxe6 Rxe6 25. Bf5 Qd4+ 26. Qf2 Qxf2+ 27. Kxf2 Rxe5 28. Bxc8 Re7 29. Bxb7 Rxb7 30. Re1 Kf8
31. g4 Rd7 32. a4 Rd2+ 33. Kf3 g6 34. Re3 Rd4=
1/2-1/2

[Event "2022 Standard Chess Dropout Tournament, Round 1"]
[Site "SchemingMind.com"]
[Date "2021.12.27"]
[Round "1"]
[White "Brerrabbit"]
[Black "zygyzag"]
[Result "0-1"]
[WhiteCountry "SCO"]
[BlackCountry "ENG"]
[WhiteElo "1327"]
[WhiteRD "79"]
[BlackElo "2008"]
[BlackRD "142"]
[GameID "718795"]

1. e4 c5 2. Nf3 a6 3. b3 d6 4. Bb2 e5 5. Nc3 Nf6 6. Bc4 b5 7. Be2 Bb7 8. Bd3 g6 9. O-O Bg7 10. Re1 O-O
11. b4 c4 12. Be2 Nc6 13. d3 cxd3 14. Bxd3 Nxb4 15. Nh4 d5 16. Nf3 d4 17. Nd5 Nbxd5 18. exd5 Nxd5 19. c4 dxc3 20. Ba3 b4
21. Bc1 Nf4 22. Bxf4 exf4 23. g3 c2 24. Bxc2 Bxa1
0-1

[Event "2022 Standard Chess Dropout Tournament, Round 1"]
[Site "SchemingMind.com"]
[Date "2021.12.27"]
[Round "1"]
[White "Robert Bruce"]
[Black "William Lindberg"]
[Result "1-0"]
[WhiteCountry "SCO"]
[BlackCountry "USA"]
[WhiteElo "2410"]
[WhiteRD "67"]
[BlackElo "2469"]
[BlackRD "66"]
[GameID "718796"]

1. d4 Nf6 2. c4 e6 3. g3 Bb4+ 4. Bd2 Be7 5. Bg2 O-O 6. Nf3 d5 7. O-O c6 8. Qc2 b6 9. Bf4 Bb7 10. Rd1 Nbd7
11. Ne5 h6 12. Nc3 g5 13. cxd5 cxd5 14. Be3 Kg7 15. Rac1 Rc8 16. Qd2 Nb8 17. Nb5 Rxc1 18. Rxc1 a6 19. Nc7 Ne4 20. Bxe4 dxe4
21. Qc3 Qd6 22. d5 Bf6 23. Bd4 exd5 24. Ng4 Bxd4 25. Qxd4+ Kg6 26. Rd1 f6 27. Nxd5 Qxd5 28. Qxd5 Bxd5 29. Rxd5 f5 30. Rd6+ Kg7
31. Nxh6 Rf6 32. Rxf6 Kxf6 33. g4 f4 34. Nf5 Nd7 35. Kg2 b5 36. b3 Nc5 37. h3 Ke5 38. h4 gxh4 39. Nxh4 Ne6 40. Nf5 Nc7
41. Ne7 Ke6 42. Nc6 Kd5 43. Nb4+ Ke5 44. Kh3 e3 45. fxe3 fxe3 46. Kg3 Ke4 47. g5 Kf5 48. Kf3 a5 49. Nc6 a4 50. b4 Nd5
51. a3 Kxg5 52. Nd4 Kf6 53. Ke4 Nc7 54. Kxe3 Ke5 55. Kd3 Kd5 56. e4+ Kd6 57. Nf5+ Ke5 58. Ne3 Ne6 59. Nd5 Kd6 60. Nc3 Nc7
61. Ke2 Ke6 62. Kf2 Kd6 63. Kf3 Ke5 64. Ke3 Kd6 65. Ke2 Ke6 66. Kf2 Kf6 67. Ke3 Ke5 68. Kd3 Kd6 69. Kd4 Ne6+ 70. Ke3 Nc7
71. Ne2 Na8 72. Nd4 Nc7 73. Kf4 Ke7 74. e5 Kf7 75. Kg5 Ke7 76. Kf5 Nd5 77. Nxb5 Nb6 78. Nd6 Na8 79. Nb5 Nb6 80. Ke4 Nd7
81. Nc7 Kd8 82. Ne6+ Ke7 83. Nf4 Kd8 84. Kd4 Nf8 85. e6 Ke7 86. Ke5 Nh7 87. Ng6+ Ke8 88. b5 Ng5 89. b6 Kd8 90. e7+ Kd7
91. b7 Nf7+ 92. Kd5 Kc7 93. e8=Q Kxb7 94. Qxf7+ Kb6 95. Ne5 Ka5 96. Qa7+ Kb5 97. Qb7+ Ka5 98. Nc4#
1-0

[Event "2022 Standard Chess Dropout Tournament, Round 1"]
[Site "SchemingMind.com"]
[Date "2021.12.28"]
[Round "1"]
[White "Carlos Vila Hernández"]
[Black "ROYALSPUR"]
[Result "1-0"]
[WhiteCountry "CUB"]
[BlackCountry "PER"]
[WhiteElo "2530"]
[WhiteRD "80"]
[BlackElo "1087"]
[BlackRD "108"]
[GameID "718798"]

1. e4 e5 2. Nf3 Nc6 3. Bb5 Bd6 4. O-O Nf6 5. d4 O-O 6. Bxc6 Nh5 7. Bd5 h6 8. dxe5 Bc5 9. Nc3 c6 10. Bb3 d6
11. Ng5 hxg5 12. Qxh5 g6 13. Qxg6+ Kh8 14. Qh6+ Kg8 15. Bxg5 Qxg5 16. Qxg5+ Kh7 17. Rad1 Be6 18. Bxe6 Rg8 19. Qh5+ Kg7 20. Rd3 Raf8
21. Rg3#
1-0

[Event "2022 Standard Chess Dropout Tournament, Round 1"]
[Site "SchemingMind.com"]
[Date "2022.01.01"]
[Round "1"]
[White "carra1971"]
[Black "Keith McLaughlin"]
[Result "1-0"]
[WhiteCountry "CUB"]
[BlackCountry "ENG"]
[WhiteElo "2346"]
[WhiteRD "90"]
[BlackElo "2247"]
[BlackRD "147"]
[GameID "718799"]

1. e4 e5 2. Nf3 Nc6 3. d4 exd4 4. Nxd4 Nf6 5. Nxc6 bxc6 6. e5 Qe7 7. Qe2 Nd5 8. g3 g6 9. c4 Ba6 10. b3 Bg7
11. Bb2 O-O 12. Bg2 Rae8 13. O-O Nb6 14. Re1 f6 15. a4 fxe5 16. Nc3 e4 17. Nxe4 Bxb2 18. Qxb2 d5 19. Nd2 Qxe1+ 20. Rxe1 Rxe1+
21. Nf1 dxc4 22. Qc3 Rd1 23. bxc4 Nxc4 24. Qb3 Rfd8 25. h3 c5 26. Kh2 R1d3 27. Qc2 R3d6 28. g4 Rf8 29. Kg1 Re8 30. Qb3 Kg7
31. Ng3 Rd4 32. Qc3 Kg8 33. Kh2 Bc8 34. Qb3 Bd7 35. Qb7 Bxa4 36. Qxc7 Nd2 37. Qxc5 Red8 38. Qg5 Bc2 39. h4 R8d7 40. Ne2 R4d6
41. Nf4 Kf8 42. Qe5 Bb3 43. h5 gxh5 44. Nxh5 Bg8 45. Nf6 Rd8 46. g5
1-0

[Event "2022 Standard Chess Dropout Tournament, Round 1"]
[Site "SchemingMind.com"]
[Date "2022.01.01"]
[Round "1"]
[White "Chashird"]
[Black "Austin Lockwood"]
[Result "0-1"]
[WhiteCountry "ENG"]
[BlackCountry "ENG"]
[WhiteElo "1311"]
[WhiteRD "104"]
[BlackElo "1729"]
[BlackRD "131"]
[GameID "718800"]

1. e4 e5 2. d3 c6 3. Bd2 Bc5 4. Nh3 Nf6 5. Be2 O-O 6. O-O d5 7. d4 Bxd4 8. Bc3 Bxc3 9. Nxc3 d4 10. Na4 Bxh3
11. gxh3 Nbd7 12. c3 b5 13. cxd4 bxa4 14. Qc2 exd4 15. Rad1 c5 16. Qxa4 Nxe4 17. Bf3 a5 18. Qc2 Ng5 19. Bg2 Re8 20. Rd3 Rb8
21. Rg3 Qf6 22. h4 Ne6 23. Rf3 Nf4 24. Qd2 Re7 25. Rxf4 Rxb2 26. Qxb2 Qxf4 27. Qc1 Qxh4 28. f3 d3 29. Qd2 Qd4+ 30. Qf2 Qxf2+
0-1

[Event "2022 Standard Chess Dropout Tournament, Round 1"]
[Site "SchemingMind.com"]
[Date "2021.12.27"]
[Round "1"]
[White "Diadoco"]
[Black "NYNH"]
[Result "0-1"]
[WhiteCountry "MEX"]
[BlackCountry "USA"]
[WhiteElo "1873"]
[WhiteRD "98"]
[BlackElo "1873"]
[BlackRD "109"]
[GameID "718801"]

1. e4 c5 2. Nf3 d6 3. d4 cxd4 4. Nxd4 Nf6 5. Nc3 a6 6. Be3 e5 7. Nb3 Be6 8. f3 h5 9. Qd2 Nbd7 10. Nd5 Bxd5
11. exd5 g6 12. Be2 Bg7 13. O-O Qc7 14. c4 b6 15. Rac1 O-O 16. Na1 a5 17. Nc2 Nc5 18. Na3 Qd7 19. Nb5 h4 20. b3 Nh5
21. Bg5 h3 22. g3 f5 23. Rce1 Rae8 24. Bh6 Nf6 25. Bxg7 Kxg7 26. Nc3 e4 27. Qd4 exf3 28. Bxf3 Rxe1 29. Rxe1 Re8 30. Re3 Kf7
31. Kf1 Re7 32. Ke2 Qe8 33. Rxe7+ Qxe7+ 34. Qe3 Qe5 35. Qxe5 dxe5 36. Ke3 g5 37. Be2 g4 38. Bd1 Kg6 39. a3 Kg5 40. b4 f4+
41. gxf4+ exf4+ 42. Kd4 axb4 43. axb4 f3 44. bxc5 f2 45. Be2 g3 46. c6 g2 47. c7 g1=Q 48. Kd3 f1=Q 49. c8=Q Qf5+ 50. Qxf5+ Kxf5
0-1

[Event "2022 Standard Chess Dropout Tournament, Round 1"]
[Site "SchemingMind.com"]
[Date "2021.12.27"]
[Round "1"]
[White "Dom P"]
[Black "Michael Christensen"]
[Result "0-1"]
[WhiteCountry "ENG"]
[BlackCountry "GER"]
[WhiteElo "1475"]
[WhiteRD "76"]
[BlackElo "1724"]
[BlackRD "87"]
[GameID "718802"]

1. e4 e5 2. Nf3 Nc6 3. Bc4 Bc5 4. O-O Nf6 5. c3 d6 6. d4 exd4 7. cxd4 Bb6 8. Nc3 O-O 9. d5 Ne7 10. Bg5 Ng6
11. Qd2 Re8 12. h3 h6 13. Bxh6 gxh6 14. Qxh6 Nh7 15. Rae1 Ne5 16. Nxe5 Rxe5 17. b4 Qg5 18. Qxg5+ Rxg5 19. Na4 Bxh3 20. Nxb6 axb6
21. Re3 Bxg2 22. Rd1 Bf3+
0-1

[Event "2022 Standard Chess Dropout Tournament, Round 1"]
[Site "SchemingMind.com"]
[Date "2021.12.29"]
[Round "1"]
[White "dpickin"]
[Black "mmccaffe"]
[Result "1-0"]
[WhiteCountry "ENG"]
[BlackCountry "USA"]
[WhiteElo "1532"]
[WhiteRD "56"]
[BlackElo "1596"]
[BlackRD "82"]
[GameID "718803"]

1. d4 Nf6 2. c4 g6 3. Nc3 Bg7 4. e3 O-O 5. Nf3 d6 6. Be2 Nbd7 7. O-O Re8 8. Bd2 e5 9. Re1 Nh5 10. Nxe5 Nxe5
11. dxe5 Bxe5 12. Bxh5 gxh5 13. Qxh5 Qf6 14. Nd5 Qg7 15. Nxc7
1-0

[Event "2022 Standard Chess Dropout Tournament, Round 1"]
[Site "SchemingMind.com"]
[Date "2021.12.28"]
[Round "1"]
[White "echecs"]
[Black "Andoni Zabala"]
[Result "0-1"]
[WhiteCountry "ENG"]
[BlackCountry "INT"]
[WhiteElo "1864"]
[WhiteRD "86"]
[BlackElo "1897"]
[BlackRD "88"]
[GameID "718805"]

1. e4 c6 2. d4 d5 3. Nc3 dxe4 4. Nxe4 Nf6 5. Nxf6+ exf6 6. c3 Bd6 7. Bd3 O-O 8. Qc2 Re8+ 9. Ne2 h5 10. O-O h4
11. h3 Nd7 12. Bc4 Nf8 13. Qb3 Qc7 14. Nf4 Re7 15. Ne2 Bf5 16. a4 Rae8 17. Be3 b6 18. Rfe1 Be4 19. Qd1 g5 20. Nc1 Bg6
21. Na2 Kg7 22. Bd3 Bh2+ 23. Kf1 Bf4 24. Qd2 Bxd3+ 25. Qxd3 Bxe3 26. Rxe3 Qh2 27. Rd1 Qh1+ 28. Ke2 Rxe3+ 29. fxe3 Qxg2+ 30. Ke1 Qxh3
31. Kd2 Qg2+ 32. Kc1 h3 33. Rf1 h2 34. Qf5 Re6
0-1

[Event "2022 Standard Chess Dropout Tournament, Round 1"]
[Site "SchemingMind.com"]
[Date "2021.12.28"]
[Round "1"]
[White "FcoRego"]
[Black "dpickin"]
[Result "1-0"]
[WhiteCountry "ESP"]
[BlackCountry "ENG"]
[WhiteElo "2065"]
[WhiteRD "90"]
[BlackElo "1532"]
[BlackRD "56"]
[GameID "718807"]

1. c4 d5 2. cxd5 Qxd5 3. Nf3 Bg4 4. Qa4+ c6 5. Qxg4 Nf6 6. Qc8+ Qd8 7. Qxd8+ Kxd8 8. d4 e6 9. Bg5 Nd7 10. Ne5 Ke7
11. Nxd7 Kxd7 12. Bxf6 gxf6 13. g3 Bg7 14. Bg2 f5 15. e3 a5 16. Nd2 c5 17. dxc5 Bxb2 18. Rb1 Ba3 19. Rxb7+ Kc8 20. Rxf7 Rb8
21. O-O Rb2 22. Nc4 Rxa2 23. Ra7 Bxc5 24. Ra8+
1-0

[Event "2022 Standard Chess Dropout Tournament, Round 1"]
[Site "SchemingMind.com"]
[Date "2021.12.29"]
[Round "1"]
[White "FransEvers"]
[Black "eliecercruzr"]
[Result "0-1"]
[WhiteCountry "NED"]
[BlackCountry "CUB"]
[WhiteElo "2122"]
[WhiteRD "104"]
[BlackElo "2264"]
[BlackRD "73"]
[GameID "718808"]

1. e4 c5 2. Nf3 d6 3. d4 cxd4 4. Nxd4 Nf6 5. Nc3 a6 6. Be3 e5 7. Nb3 Be7 8. f3 Be6 9. Qd2 O-O 10. O-O-O b5
11. g4 Nbd7 12. g5 Nh5 13. Rg1 Qc7 14. Kb1 Nb6 15. f4 Nxf4 16. Bxf4 exf4 17. Qxf4 Rac8 18. Qf2 Rfe8 19. Nd5 Bxd5 20. exd5 Bf8
21. Bh3 Ra8 22. Nd4 g6 23. c3 Nc4 24. Nc6 Bg7 25. Rge1 Qb6 26. Qxb6 Nxb6 27. Rxe8+ Rxe8 28. Kc2 Nc4 29. Kb1 Re2 30. Kc1 Rxh2
31. Bc8 Rxb2
0-1

[Event "2022 Standard Chess Dropout Tournament, Round 1"]
[Site "SchemingMind.com"]
[Date "2021.12.28"]
[Round "1"]
[White "Gaëtan Emond"]
[Black "Ninaner2"]
[Result "1-0"]
[WhiteCountry "CAN"]
[BlackCountry "NED"]
[WhiteElo "1723"]
[WhiteRD "71"]
[BlackElo "2030"]
[BlackRD "126"]
[GameID "718809"]

1. d4 Nf6 2. Bg5 Ne4 3. Bh4 g5 4. Bg3 h5 5. h3 Nxg3 6. fxg3 c5 7. e4 Bg7 8. Nf3 Qc7 9. Kf2 g4 10. Ne5 cxd4
11. Nd3 Bh6 12. h4 d5 13. e5 Be3+ 14. Ke1 Nc6 15. Qe2 a6 16. Nd2 Bf5 17. Rc1 Nxe5 18. Nf4 Bxc2 19. Qd1 Bxd1 20. Rxc7 Kd8
21. Rxb7 Ba4 22. Nxd5
1-0

[Event "2022 Standard Chess Dropout Tournament, Round 1"]
[Site "SchemingMind.com"]
[Date "2021.12.28"]
[Round "1"]
[White "George Dimitrov"]
[Black "Rubén Pulido "]
[Result "1/2-1/2"]
[WhiteCountry "BUL"]
[BlackCountry "CUB"]
[WhiteElo "2481"]
[WhiteRD "122"]
[BlackElo "2476"]
[BlackRD "91"]
[GameID "718810"]

1. e4 c5 2. Nf3 d6 3. d4 cxd4 4. Nxd4 Nf6 5. Nc3 a6 6. Bg5 Nbd7 7. Bc4 Qb6 8. Bb3 e6 9. Qd2 Be7 10. f3 Nc5
11. Be3 O-O 12. g4 Qc7 13. g5 Nfd7 14. h4 b5 15. a3 Rb8 16. h5 Ne5 17. h6 g6 18. O-O Bb7 19. Rad1 Nxb3 20. cxb3 Qd7
21. Nc2 f6 22. Bd4 Qd8 23. Ne3 Nd7 24. gxf6 Nxf6 25. Ng4 Nh5 26. Be3 Ng3 27. Rf2 Nh5 28. Rff1 Rf7 29. Kg2 Qc8 30. b4 Qe8
31. Ne2 Qf8 32. b3 e5 33. Nc3 Kh8 34. a4 Bc6 35. Rc1 Bd7 36. Nd5 bxa4 37. bxa4 Bxa4 38. f4 Bd7 39. Nh2 Nxf4+ 40. Nxf4 exf4
41. Rxf4 Rxf4 42. Bxf4 g5 43. Bxg5 Bxg5 44. Qxg5 Rxb4=
1/2-1/2

[Event "2022 Standard Chess Dropout Tournament, Round 1"]
[Site "SchemingMind.com"]
[Date "2022.01.01"]
[Round "1"]
[White "Gilligan"]
[Black "witkatz"]
[Result "0-1"]
[WhiteCountry "USA"]
[BlackCountry "GER"]
[WhiteElo "1685"]
[WhiteRD "59"]
[BlackElo "1803"]
[BlackRD "77"]
[GameID "718811"]

1. e4 d6 2. d4 Nf6 3. Nc3 g6 4. Be3 c6 5. f4 Bg7 6. Be2 O-O 7. Nf3 Nbd7 8. Qd2 Qa5 9. a3 Ng4 10. O-O Nxe3
11. Qxe3 e5 12. fxe5 dxe5 13. dxe5 Nxe5 14. Nxe5 Bxe5 15. b4 Qb6 16. Qxb6 axb6 17. Ra2 Bxc3 18. Bc4 b5 19. Be2 Be6
0-1

[Event "2022 Standard Chess Dropout Tournament, Round 1"]
[Site "SchemingMind.com"]
[Date "2022.01.01"]
[Round "1"]
[White "Giraldo Menendez Rodriguez"]
[Black "Matthew Bailey"]
[Result "1/2-1/2"]
[WhiteCountry "CUB"]
[BlackCountry "ENG"]
[WhiteElo "2576"]
[WhiteRD "73"]
[BlackElo "2605"]
[BlackRD "80"]
[GameID "718812"]

1. Nf3 c5 2. c4 Nc6 3. Nc3 e5 4. e3 Nf6 5. d4 e4 6. d5 exf3 7. dxc6 dxc6 8. Qxd8+ Kxd8 9. gxf3 g6 10. b3 Bg7
11. Bb2 b6 12. Ne4 Nh5 13. Bxg7 Nxg7 14. O-O-O+ Ke7 15. Nc3 Bf5 16. Bg2 Rac8 17. f4 Rhd8 18. Rxd8 Kxd8 19. Be4 Kc7 20. Bxf5 Nxf5
21. Ne4 Nd6 22. Nxd6 Kxd6 23. Kc2 Rd8 24. Rd1+ Ke7 25. Rxd8=
1/2-1/2

[Event "2022 Standard Chess Dropout Tournament, Round 1"]
[Site "SchemingMind.com"]
[Date "2022.01.01"]
[Round "1"]
[White "Helga1946"]
[Black "Uzi Mike"]
[Result "1-0"]
[WhiteCountry "GER"]
[BlackCountry "USA"]
[WhiteElo "2289"]
[WhiteRD "75"]
[BlackElo "2233"]
[BlackRD "95"]
[GameID "718815"]

1. e4 e5 2. Nf3 Nc6 3. Bb5 Nf6 4. O-O Nxe4 5. d4 Nd6 6. Bxc6 dxc6 7. dxe5 Nf5 8. Qxd8+ Kxd8 9. b3 Be6 10. Rd1+ Kc8
11. Ng5 a5 12. Nc3 Bc5 13. Bb2 Bd4 14. Na4 Bxb2 15. Nxb2 h6 16. Nxe6 fxe6 17. Rd3 c5 18. Rad1 g5 19. Rd7 b6 20. Rf7 Kb7
21. Rdd7 Rac8 22. Kf1 Rhd8 23. Nc4 Rxd7 24. Rxd7 g4 25. Rh7 Kc6 26. Ke2 Nd4+ 27. Kd3 Rd8 28. Ne3 Nxb3+ 29. Kc3 Nd4 30. Rxh6 b5
31. Rg6
1-0